[Event "44.Semif.Camp.Italiano Categoria Mag."]
[Site "Torino ITA"]
[Date "1984.01.28"]
[Round "8"]
[White "Palmiotto, Fiorentino"]
[Black "Chiaudano, Andrea"]
[Result "0-1"]
[WhiteElo "2095"]
[BlackElo "1927"]
[Annotator "Gabriele Ballarin"]
[PlyCount "152"]
[EventDate "1984.01.21"]
[EventType "swiss"]
[EventRounds "9"]
[EventCountry "ITA"]

1. e4 Nf6 2. e5 Nd5 3. c4 Nb6 4. d4 d6 5. f4 Bf5 6. Nc3 e6 7. Be3 dxe5 8. fxe5 Be7 9. Nf3 f6 10. g4 Bxg4 11. Rg1 Bh5 12. Be2 g6 13. exf6 Bxf6 14. Ng5 Bxe2 15. Qxe2 Qe7 16. O-O-O e5 17. d5 O-O 18. c5 N6d7 19. d6 cxd6 20. cxd6 Qe8 21. Qc4+ Kh8 22. Qh4 Bxg5 23. Bxg5 Qe6 24. Bh6 Rc8 25. Rgf1 Nc6 26. Kb1 Nd4 27. Qe7 Qxe7 28. dxe7 Kg8 29. Nd5 Nf5 30. Bg5 Kf7 31. Rc1 Nc5 32. Rce1 Nd7 33. Bd2 Ke6 34. Nb4 Kxe7 35. Nd3 Kf6 36. Bc3 Re8 37. Re4 Re6 38. Rc4 Ke7 39. Rc7 Kd6 40. Rxd7+ Kxd7 41. Nc5+ Kd6 42. Nxe6 Kxe6 43. Re1 Kf6 44. Rxe5 Kg5 45. Rc5 Re8 46. Rc7 Re7 47. Rxe7 Nxe7 48. Kc2 Nc6 49. Be1 Kf5 50. Kd3 b5 51. b3 h5 52. a4 a6 53. axb5 axb5 54. Ke3 g5 55. Bg3 h4 56. Bc7 g4 57. Kd3 Ne7 58. Kd4 Ng6 59. Kc5 Nf4 60. Kxb5 g3 61. hxg3 h3 62. Bxf4 h2 63. b4 h1=Q 64. Kb6 Ke6 65. b5 Kd7 66. Kc5 Qg1+ 67. Kd5 Qd1+ 68. Kc5 Qc2+ 69. Kd5 Qb3+ 70. Kc5 Qc3+ 71. Kb6 Qd4+ 72. Ka5 Kc8 73. Ka6 Qf6+ 74. b6 Qc6 75. Ka5 Qc5+ 76. Ka6 Qb4 0-1

[Event "44.Semif.Camp.Italiano Categoria Mag."]
[Site "Torino ITA"]
[Date "1984.01.28"]
[Round "8"]
[White "Pozzi, Enrico"]
[Black "Fabbri, Mario"]
[Result "0-1"]
[WhiteElo "2058"]
[BlackElo "2200"]
[Annotator "Gabriele Ballarin"]
[PlyCount "64"]
[EventDate "1984.01.21"]
[EventType "swiss"]
[EventRounds "9"]
[EventCountry "ITA"]

1. e4 e5 2. Nf3 Nc6 3. d4 Nxd4 4. Nxd4 exd4 5. Qxd4 Ne7 6. Nc3 Nc6 7. Qd1 Bb4 8. Bd2 O-O 9. Bd3 Ne5 10. Be2 Qh4 11. g3 Qh3 12. Bf1 Qe6 {=} 13. Qe2 d5 14. Bg2 d4 15. Nb1 Qb6 16. Bxb4 Qxb4+ 17. c3 dxc3 18. bxc3 Qc5 19. O-O Bg4 20. Qc2 Rad8 21. h3 Nf3+ 22. Bxf3 Bxf3 23. Nd2 {=} Be2 24. Rfe1 Bb5 25. Kg2 Rd3 26. Rac1 Rfd8 27. Nf1 Bc6 28. Kh2 Rd2 29. Qxd2 Rxd2 30. Nxd2 Qxf2+ 31. Kh1 Qxd2 32. Rcd1 Bxe4+ 0-1

[Event "44.Semif.Camp.Italiano Categoria Mag."]
[Site "Torino ITA"]
[Date "1984.01.28"]
[Round "8"]
[White "Steinfl, Alessandro"]
[Black "Drei, Andrea"]
[Result "1/2-1/2"]
[WhiteElo "2025"]
[BlackElo "2132"]
[Annotator "Gabriele Ballarin"]
[PlyCount "82"]
[EventDate "1984.01.21"]
[EventType "swiss"]
[EventRounds "9"]
[EventCountry "ITA"]

1. e4 c5 2. Nf3 e6 3. d4 cxd4 4. Nxd4 Nc6 5. Nc3 Qc7 6. Be3 a6 7. Nxc6 bxc6 8. Bd3 Nf6 9. O-O Be7 10. f4 d5 11. e5 Nd7 12. Ne2 O-O 13. c3 c5 14. Ng3 f6 15. Qh5 f5 16. Ne2 g6 17. Qh3 Rb8 18. Rab1 Rd8 19. Bf2 Bb7 20. Bh4 Nb6 21. Kh1 Bxh4 22. Qxh4 Nc4 23. Bxc4 dxc4 24. Rbd1 Bd5 25. Rb1 Qc6 26. Qg5 Be4 27. Rbd1 Rd3 28. b4 cxb3 29. c4 Rxd1 30. Rxd1 bxa2 31. Nc3 Bb1 32. Rd8+ Rxd8 33. Qxd8+ Kg7 34. Qf6+ Kg8 35. Qd8+ Kf7 36. Qf6+ Ke8 37. Nd5 Qxd5 38. cxd5 a1=Q 39. Qxe6+ Kd8 40. Qd6+ Ke8 41. Qe6+ Kd8 1/2-1/2

[Event "44.Semif.Camp.Italiano Categoria Mag."]
[Site "Torino ITA"]
[Date "1984.01.28"]
[Round "8"]
[White "Villasco, Paolo"]
[Black "Bianco, Valerio"]
[Result "0-1"]
[WhiteElo "1900"]
[BlackElo "1973"]
[Annotator "Gabriele Ballarin"]
[PlyCount "154"]
[EventDate "1984.01.21"]
[EventType "swiss"]
[EventRounds "9"]
[EventCountry "ITA"]

1. d4 Nf6 2. c4 c5 3. d5 e5 4. Nc3 d6 5. g3 Be7 6. Bg2 O-O 7. e4 Ne8 8. f4 exf4 9. Bxf4 Nd7 10. Nf3 Bf6 11. h4 Ne5 12. Nxe5 Bxe5 13. Bxe5 dxe5 14. Bh3 Bxh3 15. Rxh3 Nd6 16. Qe2 Qa5 17. a3 a6 18. g4 b5 19. cxb5 axb5 20. Kf2 f6 21. Kg2 b4 22. Nb1 Qa6 23. Qxa6 Rxa6 24. Nd2 Rfa8 25. Kf2 c4 26. Re3 Rc8 27. Rc1 c3 28. bxc3 bxa3 29. c4 a2 30. Ree1 Nxc4 31. Nxc4 Ra4 32. Nd6 Rb8 33. Ra1 Rb2+ 34. Re2 Rb6 35. Nf5 Rb1 36. Rexa2 Rxa1 37. Rxa4 Rxa4 38. h5 Kf8 39. Kg3 Ra2 40. Kh4 Rd2 41. Kg3 g6 42. hxg6 hxg6 43. Nh4 Rd3+ 44. Kf2 Rh3 45. Nf3 g5 46. Ng1 Ra3 47. Ne2 Ke7 48. Ng3 Kd6 49. Nf5+ Kc5 50. Ke2 Ra2+ 51. Kf3 Ra1 52. Kf2 Kc4 53. Ke2 Rb1 54. Kf3 Kd3 55. Ng3 Ra1 56. Kf2 Rc1 57. Kf3 Rb1 58. Kf2 Rb8 59. Kf3 Rh8 60. Nf5 Rh1 61. Ng3 Rh2 62. Nf5 Kd2 63. Kg3 Rh7 64. Kf2 Ra7 65. Ng3 Ra4 66. Kf3 Ke1 67. Nf5 Ra3+ 68. Kg2 Ke2 69. Ng3+ Ke3 70. Nh5 Kxe4 71. Nxf6+ Kf4 72. d6 Rd3 73. d7 e4 74. Kf2 Rd2+ 75. Ke1 e3 76. Kf1 Kf3 77. Ke1 Rd6 0-1

[Event "44.Semif.Camp.Italiano Categoria Mag."]
[Site "Torino ITA"]
[Date "1984.01.29"]
[Round "9"]
[White "Bellia, Fabrizio"]
[Black "Fabbri, Mario"]
[Result "1-0"]
[WhiteElo "2115"]
[BlackElo "2200"]
[Annotator "Gabriele Ballarin"]
[PlyCount "79"]
[EventDate "1984.01.21"]
[EventType "swiss"]
[EventRounds "9"]
[EventCountry "ITA"]

1. e4 e5 2. Nf3 Nc6 3. Bb5 Nd4 4. Nxd4 exd4 5. O-O Bc5 6. c3 c6 7. Bc4 d6 8. d3 Qe7 9. Nd2 dxc3 10. bxc3 Be6 11. d4 Bb6 12. a4 f6 13. Qb3 Bxc4 14. Nxc4 O-O-O 15. Be3 Bc7 16. e5 fxe5 17. dxe5 c5 18. Rab1 b6 19. exd6 Rxd6 20. Nxd6+ Qxd6 21. g3 Nf6 22. a5 Ne4 23. axb6 Bxb6 24. Bc1 Rf8 25. Qc4 Qg6 26. Be3 Nd6 27. Qd5 Nb7 28. Rbd1 Rd8 29. Qf3 Qf6 30. Qg4+ Kb8 31. Bg5 Qg6 32. Qf4+ Bc7 33. Rxd8+ Nxd8 34. Qe3 Nb7 35. Bf4 a5 36. Rd1 Bxf4 37. Qxf4+ Ka7 38. Qa4 Qf5 39. Rd7 g5 40. Qxa5+ 1-0

[Event "44.Semif.Camp.Italiano Categoria Mag."]
[Site "Torino ITA"]
[Date "1984.01.29"]
[Round "9"]
[White "Chiaudano, Andrea"]
[Black "Belotti, Bruno"]
[Result "0-1"]
[WhiteElo "1927"]
[BlackElo "2206"]
[Annotator "Gabriele Ballarin"]
[PlyCount "88"]
[EventDate "1984.01.21"]
[EventType "swiss"]
[EventRounds "9"]
[EventCountry "ITA"]

1. Nf3 Nf6 2. g3 b6 3. Bg2 Bb7 4. O-O c5 5. c4 e6 6. Nc3 Be7 7. d4 cxd4 8. Qxd4 d6 9. e4 Nbd7 10. b3 a6 11. Bb2 Qc7 12. Rae1 Rd8 13. Qe3 O-O 14. Nd4 Rfe8 15. h3 Bf8 16. Qc1 Nc5 17. Qb1 g6 18. Kh1 Bg7 19. Re3 Qb8 20. f3 h5 21. Nce2 e5 22. Nc2 b5 23. Nc3 h4 24. g4 Bh6 25. Re2 Nd3 26. Nd5 Nxd5 27. cxd5 Rc8 28. Rd1 Nxb2 29. Qxb2 Rc5 30. Nb4 Rec8 31. Nd3 Rc3 32. Bf1 Qc7 33. a4 Qb6 34. Kg2 Qd4 35. Nf2 Qb4 36. Rb1 Bxd5 37. exd5 Qf4 38. Nh1 Qxf3+ 39. Kg1 Qxd5 40. axb5 axb5 41. Bg2 Rc1+ 42. Rxc1 Rxc1+ 43. Kf2 Qc5+ 44. Kf3 Rc3+ 0-1

[Event "44.Semif.Camp.Italiano Categoria Mag."]
[Site "Torino ITA"]
[Date "1984.01.29"]
[Round "9"]
[White "Ciuffoletti, Paolo"]
[Black "Cordara, Michele"]
[Result "1-0"]
[WhiteElo "2128"]
[BlackElo "2151"]
[Annotator "Gabriele Ballarin"]
[PlyCount "79"]
[EventDate "1984.01.21"]
[EventType "swiss"]
[EventRounds "9"]
[EventCountry "ITA"]

1. e4 c5 2. d4 cxd4 3. c3 Nf6 4. e5 Nd5 5. Nf3 d6 6. Bb5+ Bd7 7. Bxd7+ Qxd7 8. O-O Nc6 9. exd6 Qxd6 10. Na3 e6 11. Nxd4 Be7 12. Nc4 Qc5 13. Nxc6 Qxc6 14. Ne5 Qc7 15. Qa4+ Kf8 16. Re1 f6 17. Nf3 e5 18. Qe4 Nb6 19. Be3 Rd8 20. a4 Qc6 21. Qf5 g6 22. Qg4 Kg7 23. a5 Nc8 24. h4 h5 25. Qg3 Rd5 26. Nh2 Bc5 27. Nf1 Rhd8 28. b4 Bxe3 29. Nxe3 Rd3 30. c4 Ne7 31. b5 Qe6 32. Qf3 e4 33. Qf4 f5 34. c5 Nd5 35. Nxd5 R8xd5 36. a6 bxa6 37. Rxa6 Qe8 38. Rxa7+ Kg8 39. c6 Rxb5 40. Qh6 1-0

[Event "44.Semif.Camp.Italiano Categoria Mag."]
[Site "Torino ITA"]
[Date "1984.01.29"]
[Round "9"]
[White "Diana, Riccardo"]
[Black "Palmiotto, Fiorentino"]
[Result "0-1"]
[WhiteElo "1958"]
[BlackElo "2095"]
[Annotator "Gabriele Ballarin"]
[PlyCount "90"]
[EventDate "1984.01.21"]
[EventType "swiss"]
[EventRounds "9"]
[EventCountry "ITA"]

1. e4 c5 2. Nc3 Nc6 3. g3 Nf6 4. Bg2 e6 5. f4 d6 6. d3 a6 7. Nf3 Qc7 8. O-O Be7 9. Kh1 Bd7 10. Be3 b5 11. Bg1 O-O 12. Ne2 Rab8 13. h3 d5 14. e5 Ne8 15. g4 f6 16. a4 d4 17. Qd2 Rd8 18. Ng3 Nb4 19. Ne4 f5 20. gxf5 exf5 21. Ng3 Be6 22. Ng5 Bxg5 23. fxg5 Nd5 24. Rae1 Ne3 25. Rxe3 dxe3 26. Qxe3 g6 27. Ne2 Bd5 28. Nf4 Bxg2+ 29. Kxg2 Qe7 30. h4 Nc7 31. Re1 Nd5 32. Nxd5 Rxd5 33. Bh2 Rd4 34. Bf4 Rfd8 35. e6 R8d5 36. Kh3 c4 37. Rd1 cxd3 38. cxd3 Rxf4 39. Qxf4 Qxe6 40. d4 Rd7 41. Rc1 Qd6 42. Rc8+ Kf7 43. Qe3 Re7 44. Qb3+ Qe6 45. d5 Qxc8 0-1

[Event "44.Semif.Camp.Italiano Categoria Mag."]
[Site "Torino ITA"]
[Date "1984.01.29"]
[Round "9"]
[White "Drei, Andrea"]
[Black "Pantaleoni, Claudio"]
[Result "1/2-1/2"]
[WhiteElo "2132"]
[BlackElo "2158"]
[Annotator "Gabriele Ballarin"]
[PlyCount "126"]
[EventDate "1984.01.21"]
[EventType "swiss"]
[EventRounds "9"]
[EventCountry "ITA"]

1. e4 c5 2. Nf3 Nc6 3. d4 cxd4 4. Nxd4 g6 5. c4 Nf6 6. Nc3 d6 7. Be2 Nxd4 8. Qxd4 Bg7 9. Be3 O-O 10. Qd2 Qa5 11. O-O Be6 12. Rac1 Rfc8 13. b3 a6 14. f4 b5 15. f5 Bd7 16. cxb5 axb5 17. fxg6 hxg6 18. Bf3 Ng4 19. Bxg4 Bxg4 20. Bd4 Be6 21. Bxg7 Kxg7 22. Qd4+ f6 23. Nd5 Bxd5 24. Qxd5 Qxa2 25. Rxc8 Rxc8 26. Qb7 Re8 27. Qxb5 Qa7+ 28. Kh1 Rb8 29. Qd3 Rb4 30. Re1 Qf2 31. Qe3 Qxe3 32. Rxe3 Kf7 33. Kg1 Ke6 34. Kf2 Ke5 35. Kf3 Rd4 36. h4 Rd1 37. g3 Kd4 38. Ke2 Rh1 39. Rd3+ Kxe4 40. Re3+ Kf5 41. Rxe7 Rb1 42. Re3 Kg4 43. Kd2 Rg1 44. b4 Rb1 45. Kc3 d5 46. Re6 Kf5 47. Re3 d4+ 48. Kxd4 Rxb4+ 49. Kc3 Rb6 50. Kd3 Kg4 51. Ke2 f5 52. Kf2 Kh3 53. Kf3 Rb1 54. Kf4 Rb4+ 55. Kf3 Ra4 56. Rc3 Rg4 57. Kf2 Ra4 58. Kf3 Ra1 59. Kf4 Rg1 60. h5 gxh5 61. g4+ Kh4 62. gxf5 Rf1+ 63. Ke5 Kg4 1/2-1/2

[Event "44.Semif.Camp.Italiano Categoria Mag."]
[Site "Torino ITA"]
[Date "1984.01.29"]
[Round "9"]
[White "Gibellato, Francesco"]
[Black "Geuna, Giuseppe"]
[Result "1-0"]
[WhiteElo "2070"]
[BlackElo "1900"]
[Annotator "Gabriele Ballarin"]
[PlyCount "43"]
[EventDate "1984.01.21"]
[EventType "swiss"]
[EventRounds "9"]
[EventCountry "ITA"]

1. e4 e6 2. d4 d5 3. Nd2 Nf6 4. e5 Nfd7 5. c3 f5 6. exf6 Nxf6 7. Ndf3 c5 8. Bd3 Nc6 9. Ne2 Be7 10. O-O O-O 11. Re1 cxd4 12. cxd4 Bd6 13. Bg5 Qe8 14. Ng3 Nh5 15. Qb1 Nf6 16. Bxf6 Rxf6 17. Bxh7+ Kh8 18. Ne5 Nxd4 19. Bg6 Qe7 20. Qd3 Nc6 21. Nf5 Nxe5 22. Qh3+ 1-0

[Event "44.Semif.Camp.Italiano Categoria Mag."]
[Site "Torino ITA"]
[Date "1984.01.29"]
[Round "9"]
[White "Gualtieri, Gaetano"]
[Black "Sarno, Spartaco"]
[Result "1-0"]
[WhiteElo "1900"]
[BlackElo "1968"]
[Annotator "Gabriele Ballarin"]
[PlyCount "77"]
[EventDate "1984.01.21"]
[EventType "swiss"]
[EventRounds "9"]
[EventCountry "ITA"]

1. d4 Nf6 2. c4 g6 3. Nc3 Bg7 4. e4 d6 5. f3 O-O 6. Be3 Nc6 7. Qd2 a6 8. Nge2 Rb8 9. Nc1 e5 10. d5 Nd4 11. N1e2 c5 12. dxc6 bxc6 13. Nxd4 exd4 14. Bxd4 Be6 15. Be2 d5 16. cxd5 cxd5 17. e5 Nd7 18. f4 f6 19. exf6 Bxf6 20. b3 Rb4 21. Bxf6 Qxf6 22. O-O Rd4 23. Qe3 a5 24. Rad1 Rxd1 25. Rxd1 Qf7 26. Nxd5 Bxd5 27. Rxd5 Re8 28. Bc4 Rxe3 29. Rxd7 Qxc4 30. bxc4 Re4 31. c5 Rc4 32. Rc7 Rxf4 33. Ra7 Rc4 34. Rxa5 Rc2 35. a4 Kf7 36. Ra7+ Ke6 37. Rxh7 Rxc5 38. h3 Rc2 39. Rh4 1-0

[Event "44.Semif.Camp.Italiano Categoria Mag."]
[Site "Torino ITA"]
[Date "1984.01.29"]
[Round "9"]
[White "Laco, Giuseppe"]
[Black "Gallo, Enrico"]
[Result "0-1"]
[WhiteElo "2170"]
[BlackElo "2042"]
[Annotator "Gabriele Ballarin"]
[PlyCount "84"]
[EventDate "1984.01.21"]
[EventType "swiss"]
[EventRounds "9"]
[EventCountry "ITA"]

1. c4 c5 2. Nc3 Nf6 3. e4 Nc6 4. f4 d6 5. d3 g6 6. g3 Bg7 7. Bg2 O-O 8. Nge2 h5 9. h3 Bd7 10. Be3 Rb8 11. Rb1 a6 12. a4 Qa5 13. O-O e6 14. d4 Rfd8 15. d5 exd5 16. cxd5 Nb4 17. b3 b5 18. axb5 axb5 19. Ra1 Qc7 20. e5 Ne8 21. Ne4 Bf5 22. N2c3 dxe5 23. Bxc5 Bxe4 24. Nxe4 Rxd5 25. Qe2 Rxc5 26. Nxc5 Qxc5+ 27. Kh1 Qc2 28. Qxc2 Nxc2 29. Ra8 Rxa8 30. Bxa8 Nd4 31. Rc1 Nd6 32. Bd5 exf4 33. gxf4 Ne2 34. Rc6 Bf8 35. Bg2 Nxf4 36. Bf1 Ne6 37. Rb6 Nd4 38. Rb8 Kg7 39. Kg2 Be7 40. Bd3 Kf6 41. Kf2 Ke5 42. Be2 Ke4 0-1

[Event "44.Semif.Camp.Italiano Categoria Mag."]
[Site "Torino ITA"]
[Date "1984.01.29"]
[Round "9"]
[White "Luciani, Carlo"]
[Black "Marchiori, Diego"]
[Result "1-0"]
[WhiteElo "2112"]
[BlackElo "2009"]
[Annotator "Gabriele Ballarin"]
[PlyCount "86"]
[EventDate "1984.01.21"]
[EventType "swiss"]
[EventRounds "9"]
[EventCountry "ITA"]

1. e4 c5 2. Nf3 d6 3. c3 Nf6 4. h3 Nc6 5. Bd3 g6 6. Bc2 Bg7 7. O-O O-O 8. Re1 b6 9. d4 cxd4 10. cxd4 Bb7 11. Nc3 e6 12. Bf4 Nh5 13. Bg5 Bf6 14. Bh6 Bg7 15. Qd2 e5 16. Bxg7 Kxg7 17. Ba4 Nxd4 18. Nxd4 exd4 19. Qxd4+ Kg8 20. Rad1 Qg5 21. Re3 Rfd8 22. Bb3 Rac8 23. Rf3 Rc7 24. Qd2 Qxd2 25. Rxd2 a6 26. g4 Ng7 27. Rfd3 Rcd7 28. e5 Kf8 29. Ne4 b5 30. Nc5 Rc7 31. Nxb7 Rxb7 32. Rxd6 Rxd6 33. Rxd6 Re7 34. f4 Ne8 35. Rc6 a5 36. a4 bxa4 37. Bxa4 Rc7 38. Ra6 Rc1+ 39. Kf2 Nc7 40. Rxa5 Rb1 41. b3 Ne6 42. f5 gxf5 43. gxf5 Nd4 1-0

[Event "44.Semif.Camp.Italiano Categoria Mag."]
[Site "Torino ITA"]
[Date "1984.01.29"]
[Round "9"]
[White "Malgaroli, Luciano"]
[Black "Ceschia, Ivano"]
[Result "1/2-1/2"]
[WhiteElo "2072"]
[BlackElo "2244"]
[Annotator "Gabriele Ballarin"]
[PlyCount "70"]
[EventDate "1984.01.21"]
[EventType "swiss"]
[EventRounds "9"]
[EventCountry "ITA"]

1. d4 d5 2. Nf3 Nf6 3. g3 g6 4. Bg2 Bg7 5. O-O O-O 6. Bf4 c6 7. Nbd2 Nh5 8. Be3 Nd7 9. c4 Nb6 10. Qb3 dxc4 11. Qc2 Bf5 12. Qc1 Be6 13. Rd1 Bd5 14. Bh3 Qd6 15. b3 cxb3 16. axb3 Rfd8 17. Nc4 Nxc4 18. bxc4 Be6 19. Bxe6 Qxe6 20. d5 cxd5 21. cxd5 Rxd5 22. Rxa7 Rxa7 23. Rxd5 Qxd5 24. Qc8+ Bf8 25. Bxa7 e5 26. Bb8 f6 27. Nh4 Ng7 28. Ba7 b5 29. Nf3 b4 30. Be3 b3 31. Bc1 e4 32. Ba3 Qf7 33. Nd2 Ne8 34. Bxf8 Kxf8 35. Qc5+ Qe7 1/2-1/2

[Event "44.Semif.Camp.Italiano Categoria Mag."]
[Site "Torino ITA"]
[Date "1984.01.29"]
[Round "9"]
[White "Messa, Roberto"]
[Black "Vallifuoco, Giovanni"]
[Result "1/2-1/2"]
[WhiteElo "2255"]
[BlackElo "2120"]
[Annotator "Gabriele Ballarin"]
[PlyCount "23"]
[EventDate "1984.01.21"]
[EventType "swiss"]
[EventRounds "9"]
[EventCountry "ITA"]

1. e4 e5 2. Nf3 Nc6 3. Bc4 Nf6 4. d3 Bc5 5. O-O d6 6. c3 O-O 7. Bb3 Qe7 8. Nbd2 a6 9. Nc4 Nd8 10. Ne3 Bxe3 11. Bxe3 Ne6 12. Re1 1/2-1/2

[Event "44.Semif.Camp.Italiano Categoria Mag."]
[Site "Torino ITA"]
[Date "1984.01.29"]
[Round "9"]
[White "Rodella, Franco"]
[Black "Benso, Enrico"]
[Result "1/2-1/2"]
[WhiteElo "1905"]
[BlackElo "1900"]
[Annotator "Gabriele Ballarin"]
[PlyCount "23"]
[EventDate "1984.01.21"]
[EventType "swiss"]
[EventRounds "9"]
[EventCountry "ITA"]

1. Nf3 Nf6 2. g3 g6 3. Bg2 Bg7 4. O-O O-O 5. d4 d6 6. c4 Nc6 7. e4 e5 8. dxe5 dxe5 9. Qxd8 Rxd8 10. Nc3 Be6 11. b3 Ne7 12. Be3 1/2-1/2

[Event "44.Semif.Camp.Italiano Categoria Mag."]
[Site "Torino ITA"]
[Date "1984.01.29"]
[Round "9"]
[White "Spinelli, Doriano"]
[Black "Pozzi, Enrico"]
[Result "1-0"]
[WhiteElo "1919"]
[BlackElo "2058"]
[Annotator "Gabriele Ballarin"]
[PlyCount "82"]
[EventDate "1984.01.21"]
[EventType "swiss"]
[EventRounds "9"]
[EventCountry "ITA"]

1. e4 c5 2. Nf3 d6 3. d4 cxd4 4. Nxd4 Nf6 5. Nc3 g6 6. Be2 Bg7 7. Be3 O-O 8. Nb3 Nc6 9. f4 Be6 10. g4 Na5 11. f5 Bc4 12. h4 Nd7 13. fxg6 fxg6 14. Bxc4+ Nxc4 15. Qd5+ Kh8 16. Qxc4 Rc8 17. Qb4 a5 18. Nxa5 Rf3 19. Bd2 Ne5 20. O-O-O b6 21. Nb3 Nc4 22. Be1 Nxb2 23. Kxb2 Rcxc3 24. Bxc3 Bxc3+ 25. Qxc3+ Rxc3 26. Kxc3 Qc8+ 27. Kb2 Qxg4 28. h5 g5 29. e5 d5 30. h6 Kg8 31. Rdf1 Qc8 32. Rf2 Qc7 33. c3 Qd8 34. Nd4 e6 35. Nf5 Qd7 36. Rh5 Kf7 37. Rxg5 Ke8 38. Rg7 Qb5+ 39. Kc1 d4 40. Re7+ Kd8 41. Nxd4 Qd3 {Nur} 1-0

[Event "44.Semif.Camp.Italiano Categoria Mag."]
[Site "Torino ITA"]
[Date "1984.01.29"]
[Round "9"]
[White "Steinfl, Alessandro"]
[Black "Mantovani, Renzo"]
[Result "1/2-1/2"]
[WhiteElo "2025"]
[BlackElo "2146"]
[Annotator "Gabriele Ballarin"]
[PlyCount "33"]
[EventDate "1984.01.21"]
[EventType "swiss"]
[EventRounds "9"]
[EventCountry "ITA"]

1. e4 c5 2. Nf3 e6 3. d4 cxd4 4. Nxd4 Nf6 5. Nc3 Nc6 6. Ndb5 Bc5 7. Nd6+ Ke7 8. Bf4 Qb6 9. Qd2 Bxf2+ 10. Qxf2 Qxb2 11. Nxc8+ Rhxc8 12. Qc5+ Ke8 13. Rb1 Qxc2 14. Rc1 Qb2 15. Rb1 Qc2 16. Rc1 Qb2 17. Rb1 1/2-1/2

[Event "44.Semif. C. ITA Magistrale"]
[Site "Salsomaggiore Terme ITA"]
[Date "1984.02.24"]
[Round "1.1"]
[White "Mussap, Angelo"]
[Black "Bonugli, Carlo"]
[Result "1/2-1/2"]
[WhiteElo "1900"]
[BlackElo "1921"]
[Annotator "Gabriele Ballarin"]
[PlyCount "78"]
[EventDate "1984.11.24"]
[EventType "swiss"]
[EventRounds "9"]
[EventCountry "ITA"]

1. e4 c5 2. Nc3 Nc6 3. Nf3 g6 4. d4 cxd4 5. Nxd4 Bg7 6. Be3 Nf6 7. Be2 O-O 8. O-O d5 9. exd5 Nxd5 10. Nxd5 Nxd4 11. Bxd4 Qxd5 12. Bxg7 Qxd1 13. Raxd1 Kxg7 14. Bf3 Bf5 15. Rd2 Rad8 16. Rfd1 Rxd2 17. Rxd2 Rc8 18. c3 Rc7 19. Kf1 e5 20. Bd5 Kf6 21. Ke2 Be6 22. Bxe6 Kxe6 23. Rd8 f5 24. f3 Ke7 25. Rh8 Kd6 26. Rd8+ Ke7 27. Rh8 Kd6 28. Ke3 Rd7 29. Re8 Kd5 30. g3 Kd6 31. h4 Re7 32. Rd8+ Kc7 33. Ra8 a6 34. g4 fxg4 35. fxg4 Rf7 36. Re8 Kd6 37. Rd8+ Ke6 38. Re8+ Kd6 39. Rd8+ Ke6 1/2-1/2

[Event "44.Semif. C. ITA Magistrale"]
[Site "Salsomaggiore Terme ITA"]
[Date "1984.02.24"]
[Round "1.2"]
[White "Donatelli, Giovanni"]
[Black "Lantini, Marco"]
[Result "0-1"]
[WhiteElo "1900"]
[BlackElo "2017"]
[Annotator "Gabriele Ballarin"]
[PlyCount "112"]
[EventDate "1984.11.24"]
[EventType "swiss"]
[EventRounds "9"]
[EventCountry "ITA"]

1. Nf3 d5 2. d4 Nf6 3. g3 e6 4. Bg2 Be7 5. O-O O-O 6. Bg5 h6 7. Bxf6 Bxf6 8. Nbd2 c5 9. e3 Qb6 10. dxc5 Qxb2 11. Nb3 Qa3 12. Nfd4 Nd7 13. Qc1 Qa4 14. Rd1 Be7 15. Bf1 Nxc5 16. Nb5 Qg4 17. h3 Qg5 18. c4 Bd7 19. cxd5 Bxb5 20. Bxb5 Rac8 21. Qd2 Rfd8 22. Qa5 Nxb3 23. axb3 Rxd5 24. Rxd5 Qxd5 25. Qa4 a6 26. Bc4 Qc5 27. Qd7 Qc7 28. Qd1 Bf6 29. Ra2 Qe5 30. Qd7 Qc7 31. Qd1 b5 32. Bf1 Qc6 33. Kh2 Rd8 34. Qe2 g6 35. Bg2 Qb6 36. Qf3 Kg7 37. Qb7 Rd6 38. h4 Qxb7 39. Bxb7 Rd3 40. b4 Rb3 41. Bxa6 Rxb4 42. Ra5 Ra4 43. Rxa4 bxa4 44. f3 a3 45. Bc4 Bc3 46. g4 h5 47. gxh5 gxh5 48. e4 Kf6 49. f4 Be1 50. Kh3 Ke7 51. Ba2 f6 52. f5 e5 53. Bd5 Kd6 54. Kg2 Kc5 55. Kf1 Bxh4 56. Ke2 Bg3 0-1

[Event "44.Semif. C. ITA Magistrale"]
[Site "Salsomaggiore Terme ITA"]
[Date "1984.02.24"]
[Round "1.3"]
[White "Iudicello, Marco"]
[Black "Cordara, Michele"]
[Result "1/2-1/2"]
[WhiteElo "1973"]
[BlackElo "2143"]
[Annotator "Gabriele Ballarin"]
[PlyCount "20"]
[EventDate "1984.11.24"]
[EventType "swiss"]
[EventRounds "9"]
[EventCountry "ITA"]

1. e4 c5 2. Nc3 Nc6 3. g3 e5 4. d3 d6 5. Bg2 g6 6. Be3 Bg7 7. Qd2 Nd4 8. Nd1 Ne7 9. c3 Ne6 10. Ne2 d5 1/2-1/2

[Event "44.Semif. C. ITA Magistrale"]
[Site "Salsomaggiore Terme ITA"]
[Date "1984.02.24"]
[Round "1.4"]
[White "Colombo, Paolo"]
[Black "Rupeni, Franco"]
[Result "1/2-1/2"]
[WhiteElo "2022"]
[BlackElo "2201"]
[Annotator "Gabriele Ballarin"]
[PlyCount "145"]
[EventDate "1984.11.24"]
[EventType "swiss"]
[EventRounds "9"]
[EventCountry "ITA"]

1. d4 Nf6 2. c4 c5 3. d5 e6 4. Nc3 exd5 5. cxd5 d6 6. e4 g6 7. f4 Bg7 8. Nf3 O-O 9. Be2 Re8 10. O-O Nbd7 11. Nd2 a6 12. a4 c4 13. e5 dxe5 14. Nxc4 Nb6 15. fxe5 Nfxd5 16. Nd6 Nxc3 17. bxc3 Rxe5 18. Nxf7 Qxd1 19. Bxd1 Rf5 20. Nh6+ Bxh6 21. Bxh6 Rxf1+ 22. Kxf1 Be6 23. Rb1 Bc4+ 24. Kf2 Nd5 25. Rxb7 Nxc3 26. Bf3 Bd5 27. Rg7+ Kh8 28. Bxd5 Nxd5 29. Rb7 Kg8 30. Bg7 Re8 31. Bb2 Re7 32. Rxe7 Nxe7 33. Ke3 Nf5+ 34. Ke4 Kf7 35. g4 Nh6 36. h3 Ke6 37. Kd4 Nf7 38. Kc5 Nd6 39. Bd4 h5 40. gxh5 gxh5 41. h4 Nf5 42. Bf2 Kd7 43. Kb6 Kc8 44. Ka7 Kc7 45. a5 Kc8 46. Be1 Kc7 47. Bd2 Nxh4 48. Bf4+ Kc6 49. Kxa6 Nf3 50. Ka7 Nd4 51. Be3 Nb5+ 52. Kb8 Nc7 53. Bg5 Na6+ 54. Ka7 Kb5 55. Bd8 Nb4 56. Kb7 Nc6 57. Bh4 Nxa5+ 58. Kc7 Kc5 59. Kd7 Kd5 60. Bg3 Nc6 61. Be1 Na7 62. Ke7 Ke5 63. Kf7 Kf5 64. Kg7 Kg5 65. Bd2+ Kg4 66. Be1 Nc6 67. Kg6 Ne5+ 68. Kh6 Nd3 69. Bg3 Nc5 70. Bf2 Ne4 71. Be1 Nd6 72. Kg6 Nf5 73. Bf2 1/2-1/2

[Event "44.Semif. C. ITA Magistrale"]
[Site "Salsomaggiore Terme ITA"]
[Date "1984.02.24"]
[Round "1.5"]
[White "Ruggeri, Pietro"]
[Black "Gagliardi, Pietro"]
[Result "0-1"]
[WhiteElo "1900"]
[BlackElo "2058"]
[Annotator "Gabriele Ballarin"]
[PlyCount "78"]
[EventDate "1984.11.24"]
[EventType "swiss"]
[EventRounds "9"]
[EventCountry "ITA"]

1. f4 d5 2. Nf3 Nf6 3. e3 c5 4. d3 Nc6 5. c3 e6 6. Be2 Bd6 7. O-O O-O 8. Qe1 Ne8 9. e4 d4 10. e5 Be7 11. Nbd2 f5 12. exf6 gxf6 13. Ne4 Ng7 14. Bd1 b6 15. Nf2 Bb7 16. Bb3 Qd7 17. f5 Nd8 18. fxe6 Ndxe6 19. Bh6 Bd5 20. Bxg7 Kxg7 21. Ne4 Bxb3 22. axb3 Kh8 23. Nh4 Ng7 24. Qd2 f5 25. Ng5 Bxg5 26. Qxg5 Rae8 27. Qh6 Re6 28. Qg5 dxc3 29. bxc3 a5 30. Rad1 Rd6 31. Rf3 Qf7 32. g4 Qxb3 33. Rdf1 Qxc3 34. gxf5 Qf6 35. Ng6+ hxg6 36. Qh6+ Kg8 37. Rh3 gxf5 38. Qh7+ Kf7 39. Rg3 Rd5 0-1